| 000 | 00457nam a22001817a 4500 | ||
|---|---|---|---|
| 003 | MPLRDC | ||
| 005 | 20220104144013.0 | ||
| 008 | 210129b ||||| |||| 00| 0 eng d | ||
| 082 | _a889 JMMZ v.2014 | ||
| 100 | _a桑德拉. 查斯登 | ||
| 245 |
_a爱的旋风 _c曹水芸译 |
||
| 250 | _a初版 | ||
| 260 |
_a _b精美 _c1993 |
||
| 300 | _b平 | ||
| 490 | _a精美名著. 2014 | ||
| 650 | _a西洋小说之中文翻译 | ||
| 942 |
_cBK _o889 JMMZ v.2014 |
||
| 999 |
_c45437 _d45427 |
||